1637 1589 1275 1057 1975 1598 1244 1258 1824 1938 1019 1908 1762 1790 1514 1770 1806 1182 1634 1741 1449 1728 1924 1289 1811 1747 1183 1658 1915 1755 1260 1579 1882 1147 1000 1124 1227 1143 1839 1898 1659 1480 1298 1787 1586 1642 1065 1913 1983 1464 1947 1433 1440 1324 1008 1928 1867 1511 1546 1378 1840 1979 1241 1853 1950 1207 1905 1070 1216 1623 1618 1894 1959 1650 1702 1637 1048 1446 1506 1514 1615 1353 1361 1864 1820 1803 1037 1922 1099 1501 1600 1342 1754 1939 1086 1716 1172 1221 1493 BCNSPRNW ULIB Ver.6.0+V

เปลี่ยนเป็นภาษาไทย

Change to English
 แสดงรายละเอียดบรรณานุกรม
  กลับหน้าหลัก

Brief Record : Get Marc (ISO 2709) : E-mail record : QR code < ปิดหน้าต่าง
LEADER : 00000nam 2200000uu 4500
001    13399124345
003     ULIB
008    150511s2554||||th 000 0 tha d
020    ^a9786162141904
099    ^aนว ว257อ
100    ^aวรรณวรรธน์
245    ^aอขิทโร อุบัติมหาคุรเทวา เล่ม
250    ^aพิมพ์ครั้งที่ 1
260    ^aกรุงเทพฯ :^bณ บ้านวรรณกรรม กรุ๊ป,^c2554
300    ^a282 หน้า
650    ^aวรรณวรรธน์^xนิยาย
945    ^p240^l0^i039389
999    ^aเกษร โพธิ์สุวรรณ
รายการนี้ยังไม่มีแท็ก
คุณยังไม่ได้ล็อกอิน คุณสามารถมีกิจกรรมร่วมกับเว็บไซต์ได้ แต่ต้องล็อกอินก่อน ::
  ล็อกอิน

รายการสื่อสารสนเทศ

ลำดับที่ ประเภท เลขเรียก/บาร์โค้ด สถานที่ สถานะ
1. นวนิยาย
นวนิยาย
นว ว257อ ฉ.1 
  Barcode: 039389
ห้องสมุดวิทยาเขตสวรรค์ประชารักษ์
►นวนิยาย
บนชั้น
  ขอยืม

รายการใกล้เคียง
    ผู้แต่ง [วรรณวรรธน์]

BibComment


ยังไม่เคยถูกคอมเมนท์

คอมเมนท์ทรัพยากรรายการนี้
  คอมเมนท์: อขิทโร อุบัติมหา..


 Copyright 2026. Bcnsprnw @Library